ბათუმის შოთა რუსთაველის სახელმწიფო უნივერსიტეტის ბიბლიოთეკა

განთიადამდე, გორის ციხე (ბიბ.ჩანაწერი № 42199)

000 -LEADER
fixed length control field 00748nam a2200217Ia 4500
001 - CONTROL NUMBER
control field 8892
003 - CONTROL NUMBER IDENTIFIER
control field GE_BSU
008 - FIXED-LENGTH DATA ELEMENTS--GENERAL INFORMATION
fixed length control field 181216s||||||||xx |||||||||||||| ||und||
040 ## - CATALOGING SOURCE
Transcribing agency GE_BSU
100 ## - MAIN ENTRY--PERSONAL NAME
Personal name კასრაძე,დავით
245 ## - TITLE STATEMENT
Title განთიადამდე, გორის ციხე
245 ## - TITLE STATEMENT
Remainder of title რომანი
245 ## - TITLE STATEMENT
Statement of responsibility, etc. რედ. ბ.ხარანაული, მხატვ. ზ. მეძმარიაშვილი
260 ## - PUBLICATION, DISTRIBUTION, ETC.
Place of publication, distribution, etc. თბილისი
260 ## - PUBLICATION, DISTRIBUTION, ETC.
Name of publisher, distributor, etc. საბჭოთა აჭარა
260 ## - PUBLICATION, DISTRIBUTION, ETC.
Date of publication, distribution, etc. 1967
300 ## - PHYSICAL DESCRIPTION
Extent 610გვ.ილ.20სმ.
653 ## - INDEX TERM--UNCONTROLLED
Uncontrolled term განთიადამდე, გორის ციხე
653 ## - INDEX TERM--UNCONTROLLED
Uncontrolled term რომანი
942 ## - ADDED ENTRY ELEMENTS (KOHA)
Koha item type წიგნი
ეგზემპლარები
Withdrawn status Lost status Damaged status Not for loan Date acquired Barcode Date last seen Price effective from Koha item type
        2018-12-17 31423 2018-12-17 2018-12-17 წიგნი
        2018-12-17 31424 2018-12-17 2018-12-17 წიგნი
        2018-12-17 31425 2018-12-17 2018-12-17 წიგნი
        2018-12-17 31426 2018-12-17 2018-12-17 წიგნი